[Event "World Team Championship 2015"]
[Site "Tsaghkadzor ARM"]
[Date "2015.04.22"]
[Round "4.43"]
[White "Movsesian, Sergei"]
[Black "Bu, Xiangzhi"]
[Result "0-1"]
[WhiteElo "2665"]
[BlackElo "2681"]
[PlyCount "126"]
[EventDate "2015.04.18"]
[EventType "team-tourn"]
[EventRounds "9"]
[EventCountry "ARM"]
[Source "lmi"]
[SourceDate "2015.04.18"]

1. e4 e5 2. Nf3 Nf6 3. Nxe5 d6 4. Nf3 Nxe4 5. d4 d5 6. Bd3 Be7 7. O-O Nc6 8. c4
Nb4 9. Be2 O-O 10. Nc3 Bf5 11. a3 Nxc3 12. bxc3 Nc6 13. cxd5 Qxd5 14. Re1 Rfe8
15. Bf4 Rac8 16. Qc1 Bf6 17. Qb2 Na5 18. Qb4 Be7 19. Qa4 Bd7 20. Qd1 Bc6 21.
Bf1 Qf5 22. Bg3 Bxf3 23. gxf3 Qd7 24. Re5 c5 25. dxc5 Qxd1 26. Rxd1 Bxc5 27.
Rxe8+ Rxe8 28. Bb5 Ra8 29. a4 Bb6 30. Rd7 a6 31. Be2 Rd8 32. Re7 Kf8 33. Re4
Rd7 34. Bf4 f6 35. Kf1 Bc5 36. Ke1 Kf7 37. Bf1 g6 38. Re2 Bd6 39. Be3 Bxh2 40.
f4 Nc4 41. Bc1 f5 42. Ra2 Rc7 43. Bd3 Nb6 44. c4 Nd5 45. Ba3 Nxf4 46. Bf1 Ne6
47. Rd2 Be5 48. Bb4 Bd4 49. Kd1 h5 50. Kc2 h4 51. Bg2 Be5 52. Kb3 Kf6 53. Ba5
Rh7 54. Bb6 h3 55. Bh1 h2 56. a5 Rh3+ 57. Ka2 Rc3 58. Rd1 Rxc4 59. Bxb7 Nc5 60.
Bd8+ Kg7 61. Bc6 Rc2+ 62. Ka3 Rc3+ 63. Ka2 Nd3 0-1

[Event "World Team Championship 2015"]
[Site "Tsaghkadzor ARM"]
[Date "2015.04.22"]
[Round "4.44"]
[White "Wei, Yi"]
[Black "Melkumyan, Hrant"]
[Result "1-0"]
[WhiteElo "2703"]
[BlackElo "2651"]
[PlyCount "73"]
[EventDate "2015.04.18"]
[EventType "team-tourn"]
[EventRounds "9"]
[EventCountry "ARM"]
[Source "lmi"]
[SourceDate "2015.04.18"]

1. e4 e5 2. Nf3 Nc6 3. Nc3 Nf6 4. Bb5 Bb4 5. O-O O-O 6. d3 d6 7. Ne2 Ne7 8. c3
Ba5 9. Ng3 c6 10. Ba4 Ng6 11. d4 Re8 12. Bc2 h6 13. h3 Be6 14. Re1 Bc7 15. Be3
d5 16. Nxe5 Nxe5 17. dxe5 Nxe4 18. Nxe4 dxe4 19. Bd4 Bd5 20. Bxe4 c5 21. Bxc5
Rxe5 22. Bxd5 Rxd5 23. Bd4 Qd6 24. Qg4 Rg5 25. Qf3 Qh2+ 26. Kf1 Qh1+ 27. Ke2
Qxg2 28. Qxg2 Rxg2 29. Kf3 Rh2 30. Re7 Rxh3+ 31. Kg4 Bd6 32. Rd7 Rd3 33. Rxd6
Re8 34. Rg1 g6 35. Rg3 Rd2 36. Re3 Rf8 37. Re7 1-0

[Event "World Team Championship 2015"]
[Site "Tsaghkadzor ARM"]
[Date "2015.04.22"]
[Round "4.51"]
[White "Harikrishna, Pentala"]
[Black "Leko, Peter"]
[Result "1/2-1/2"]
[WhiteElo "2731"]
[BlackElo "2713"]
[PlyCount "43"]
[EventDate "2015.04.18"]
[EventType "team-tourn"]
[EventRounds "9"]
[EventCountry "ARM"]
[Source "lmi"]
[SourceDate "2015.04.18"]

1. Nf3 Nf6 2. c4 c5 3. Nc3 d5 4. cxd5 Nxd5 5. d4 Nxc3 6. bxc3 g6 7. g3 Bg7 8.
Bg2 cxd4 9. Nxd4 O-O 10. O-O a6 11. Qb3 Qc7 12. Ba3 Re8 13. Rab1 Nd7 14. Rfd1
Ne5 15. Qd5 Qxc3 16. Bb4 Qc4 17. Qa5 Nd3 18. Rxd3 Bxd4 19. Bd5 Qc2 20. Rbd1 Bf6
21. R3d2 Qf5 22. Bf3 1/2-1/2

[Event "World Team Championship 2015"]
[Site "Tsaghkadzor ARM"]
[Date "2015.04.22"]
[Round "4.52"]
[White "Erdos, Viktor"]
[Black "Sethuraman, Sethuraman Panayapp"]
[Result "1/2-1/2"]
[WhiteElo "2612"]
[BlackElo "2634"]
[PlyCount "41"]
[EventDate "2015.04.18"]
[EventType "team-tourn"]
[EventRounds "9"]
[EventCountry "ARM"]
[Source "lmi"]
[SourceDate "2015.04.18"]

1. Nf3 d5 2. g3 g6 3. Bg2 Bg7 4. d4 c6 5. Bf4 Nf6 6. Qc1 Bf5 7. O-O O-O 8. c4
dxc4 9. Qxc4 Qb6 10. Qc1 Nbd7 11. Nc3 Nd5 12. Bh6 N7f6 13. Bxg7 Kxg7 14. Rd1
Rad8 15. e3 Nxc3 16. bxc3 Be4 17. Qa3 Qc7 18. c4 c5 19. d5 b5 20. cxb5 Bxd5 21.
Qb2 1/2-1/2

[Event "World Team Championship 2015"]
[Site "Tsaghkadzor ARM"]
[Date "2015.04.22"]
[Round "4.53"]
[White "Sasikiran, Krishnan"]
[Black "Almasi, Zoltan"]
[Result "1/2-1/2"]
[WhiteElo "2654"]
[BlackElo "2698"]
[PlyCount "77"]
[EventDate "2015.04.18"]
[EventType "team-tourn"]
[EventRounds "9"]
[EventCountry "ARM"]
[Source "lmi"]
[SourceDate "2015.04.18"]

1. e4 e5 2. Nf3 Nc6 3. Bb5 Nf6 4. d3 Bc5 5. c3 O-O 6. O-O Re8 7. Nbd2 a6 8. Ba4
b5 9. Bb3 d6 10. Re1 h6 11. a4 Be6 12. Bxe6 Rxe6 13. Nf1 Bb6 14. Ng3 Rb8 15.
Nf5 Kh7 16. N3h4 Ne7 17. Qf3 Ng6 18. Qh3 Nxh4 19. Qxh4 Ng8 20. Qh3 Qf6 21. axb5
axb5 22. Be3 Ree8 23. Bxb6 Rxb6 24. Ra7 Qd8 25. Rea1 g6 26. Ne3 Nf6 27. Qf3 Kg7
28. g3 Re7 29. b4 c6 30. Ra8 Rb8 31. R8a6 Rb6 32. Ra8 Rb8 33. R8a5 Rd7 34. Qe2
h5 35. Ra6 Rb6 36. Ra8 Rb8 37. R8a6 Rb6 38. R6a5 Rb8 39. Ra6 1/2-1/2

[Event "World Team Championship 2015"]
[Site "Tsaghkadzor ARM"]
[Date "2015.04.22"]
[Round "4.54"]
[White "Rapport, Richard"]
[Black "Vidit, Santosh Gujarathi"]
[Result "0-1"]
[WhiteElo "2710"]
[BlackElo "2630"]
[PlyCount "128"]
[EventDate "2015.04.18"]
[EventType "team-tourn"]
[EventRounds "9"]
[EventCountry "ARM"]
[Source "lmi"]
[SourceDate "2015.04.18"]

1. Nf3 d5 2. c4 c6 3. e3 Nf6 4. Nc3 g6 5. d4 Bg7 6. Be2 O-O 7. O-O e6 8. Qc2
Nbd7 9. Rd1 Re8 10. b4 b6 11. a4 a5 12. b5 c5 13. cxd5 exd5 14. Bb2 Bb7 15.
Rac1 Rc8 16. Qb1 c4 17. Ba3 Qc7 18. g3 h5 19. Nh4 Ng4 20. Ng2 Ndf6 21. Rf1 Rcd8
22. Rce1 Nh7 23. Qd1 Qd7 24. Nf4 Ng5 25. h4 Ne4 26. Nxe4 Rxe4 27. Bf3 Ree8 28.
Ne2 Qc7 29. Nf4 Nf6 30. Ne2 Bc8 31. Nc3 Bg4 32. Kg2 Qd7 33. Rh1 Bh6 34. Qc2
Bxf3+ 35. Kxf3 Ng4 36. Re2 Re6 37. Rhe1 Rde8 38. Bc1 f5 39. Ba3 Nf6 40. Kg2 Ng4
41. Nd1 Qf7 42. Qd2 Nf6 43. Qc2 Qh7 44. Nc3 Qc7 45. Qc1 Qh7 46. Qc2 Qd7 47. Nd1
Ng4 48. Qd2 Nf6 49. Qc2 Qg7 50. Nc3 Kh8 51. Bc1 Kh7 52. Kg1 Qd7 53. Ba3 Ne4 54.
Kg2 Nxc3 55. Qxc3 f4 56. gxf4 Bxf4 57. f3 Qd8 58. Kh3 Qf6 59. Qd2 Bh6 60. Kg3
Rxe3 61. Rxe3 Qf4+ 62. Kf2 Qh2+ 63. Kf1 Qxd2 64. Rxe8 Qd3+ 0-1

[Event "World Team Championship 2015"]
[Site "Tsaghkadzor ARM"]
[Date "2015.04.23"]
[Round "5.11"]
[White "Ponomarev, Ruslan"]
[Black "Harikrishna, Pentala"]
[Result "1/2-1/2"]
[WhiteElo "2713"]
[BlackElo "2731"]
[PlyCount "92"]
[EventDate "2015.04.18"]
[EventType "team-tourn"]
[EventRounds "9"]
[EventCountry "ARM"]
[Source "lmi"]
[SourceDate "2015.04.18"]

1. e4 e5 2. Nf3 Nc6 3. Bb5 a6 4. Ba4 Nf6 5. O-O Be7 6. d3 b5 7. Bb3 O-O 8. Nc3
Bb7 9. a3 Bc5 10. Ba2 h6 11. Be3 d6 12. Bxc5 dxc5 13. a4 b4 14. Nd5 Na5 15. Ne3
Re8 16. g3 Qd7 17. Bc4 Rad8 18. Nd2 Qh3 19. Qe2 Nh7 20. Nb3 Nxb3 21. Bxb3 Ng5
22. f3 Qd7 23. Bc4 Bc6 24. b3 Qc8 25. h4 Ne6 26. Bxe6 Qxe6 27. f4 exf4 28. Rxf4
Qe5 29. Raf1 Bd7 30. Rxf7 Qxg3+ 31. Ng2 c4 32. bxc4 Bxa4 33. Qe3 Qxe3+ 34. Nxe3
b3 35. cxb3 Rxd3 36. Nd5 Bxb3 37. Ne7+ Kh7 38. Nf5 Bxc4 39. Rxc7 Rxe4 40. Rxg7+
Kh8 41. Rg6 Re6 42. Rxh6+ Rxh6 43. Nxh6 Rg3+ 44. Kh2 Rg6 45. Rf4 Bb3 46. Nf7+
Bxf7 1/2-1/2

[Event "World Team Championship 2015"]
[Site "Tsaghkadzor ARM"]
[Date "2015.04.23"]
[Round "5.12"]
[White "Sethuraman, Sethuraman Panayapp"]
[Black "Ivanchuk, Vassily"]
[Result "1/2-1/2"]
[WhiteElo "2634"]
[BlackElo "2731"]
[PlyCount "64"]
[EventDate "2015.04.18"]
[EventType "team-tourn"]
[EventRounds "9"]
[EventCountry "ARM"]
[Source "lmi"]
[SourceDate "2015.04.18"]

1. d4 d6 2. e4 Nf6 3. Nc3 e5 4. Nf3 Nbd7 5. Bc4 Be7 6. O-O O-O 7. a4 c6 8. h3
Re8 9. Re1 Bf8 10. a5 h6 11. d5 b5 12. Bb3 b4 13. dxc6 bxc3 14. cxd7 Bxd7 15.
bxc3 Qc7 16. Qd3 Rec8 17. Ba3 Qxc3 18. Qxc3 Rxc3 19. Rad1 Rc6 20. Ba4 Rc3 21.
Bb3 Rc6 22. Ba4 Ra6 23. Bxd7 Nxd7 24. Bb4 Rc8 25. c3 Nf6 26. Re2 Rac6 27. Rd3
Nd7 28. Rd5 Nc5 29. Nd2 f6 30. Re1 Kf7 31. Rb1 Ne6 32. Nf1 Nc7 1/2-1/2

[Event "World Team Championship 2015"]
[Site "Tsaghkadzor ARM"]
[Date "2015.04.23"]
[Round "5.13"]
[White "Kryvoruchko, Yuriy"]
[Black "Sasikiran, Krishnan"]
[Result "1-0"]
[WhiteElo "2686"]
[BlackElo "2654"]
[PlyCount "81"]
[EventDate "2015.04.18"]
[EventType "team-tourn"]
[EventRounds "9"]
[EventCountry "ARM"]
[Source "lmi"]
[SourceDate "2015.04.18"]

1. e4 c6 2. d4 d5 3. e5 Bf5 4. Nf3 e6 5. Be2 Ne7 6. c3 h6 7. O-O Nd7 8. Na3 a6
9. Nc2 Qc7 10. Nfe1 c5 11. Bd3 g6 12. Bxf5 Nxf5 13. Ne3 cxd4 14. Nxf5 exf5 15.
cxd4 Be7 16. Nd3 Nf8 17. Nf4 Qd7 18. Qb3 Rd8 19. Be3 Qb5 20. Qc2 Bg5 21. Ne2
Ne6 22. Qd2 Rc8 23. g3 Be7 24. Rfc1 Kd7 25. Qd1 Rxc1 26. Rxc1 Rc8 27. Nc3 Qc4
28. Qf3 Rc6 29. Kg2 Nc7 30. Bxh6 Bb4 31. a3 Bxc3 32. bxc3 Ke8 33. h4 Ne6 34.
Be3 Rb6 35. h5 Rb2 36. Rh1 Kf8 37. hxg6 fxg6 38. g4 f4 39. Rh8+ Ke7 40. Bxf4
Rb1 41. Bg5+ 1-0

[Event "World Team Championship 2015"]
[Site "Tsaghkadzor ARM"]
[Date "2015.04.23"]
[Round "5.14"]
[White "Vidit, Santosh Gujarathi"]
[Black "Moiseenko, Alexander"]
[Result "1/2-1/2"]
[WhiteElo "2630"]
[BlackElo "2697"]
[PlyCount "112"]
[EventDate "2015.04.18"]
[EventType "team-tourn"]
[EventRounds "9"]
[EventCountry "ARM"]
[Source "lmi"]
[SourceDate "2015.04.18"]

1. d4 Nf6 2. c4 e6 3. Nc3 Bb4 4. Qc2 O-O 5. a3 Bxc3+ 6. Qxc3 b6 7. Bg5 Bb7 8.
e3 d6 9. Ne2 Nbd7 10. Qc2 c5 11. Rd1 Qc7 12. f3 a6 13. Qd2 Rfe8 14. Nc3 h6 15.
Bh4 d5 16. dxc5 Qxc5 17. cxd5 exd5 18. Bf2 Ne5 19. Be2 Nc4 20. Bxc4 Qxc4 21.
Ne2 Rac8 22. Rc1 Qb3 23. O-O Rxc1 24. Rxc1 Rc8 25. Rxc8+ Bxc8 26. Bg3 Nd7 27.
Nc3 Bb7 28. h3 Nc5 29. Be5 Qc4 30. Ne2 Qd3 31. Qxd3 Nxd3 32. Bd4 f6 33. Kf1 Bc6
34. Ng3 Bb5 35. Kg1 Bc4 36. Nf5 Kf7 37. g4 Bb3 38. Nd6+ Ke6 39. Ne8 Kf7 40.
Nd6+ Ke6 41. Nf5 Kf7 42. f4 b5 43. Nd6+ Ke7 44. Nf5+ Kf7 45. Kg2 b4 46. Kg3
bxa3 47. bxa3 Bd1 48. Nd6+ Ke7 49. Nf5+ Kf7 50. h4 h5 51. g5 Bg4 52. Nd6+ Ke7
53. Nb7 Bc8 54. Na5 Bd7 55. Nb3 Ba4 56. Nd2 Ke6 1/2-1/2

[Event "World Team Championship 2015"]
[Site "Tsaghkadzor ARM"]
[Date "2015.04.23"]
[Round "5.22"]
[White "Sutovsky, Emil"]
[Black "Bruzon Batista, Lazaro"]
[Result "1/2-1/2"]
[WhiteElo "2628"]
[BlackElo "2691"]
[PlyCount "64"]
[EventDate "2015.04.18"]
[EventType "team-tourn"]
[EventRounds "9"]
[EventCountry "ARM"]
[Source "lmi"]
[SourceDate "2015.04.18"]

1. e4 e5 2. Nf3 Nc6 3. Bb5 Nf6 4. O-O Nxe4 5. d4 Nd6 6. Bxc6 dxc6 7. dxe5 Nf5
8. Qxd8+ Kxd8 9. Rd1+ Ke8 10. Nc3 Ne7 11. h3 h6 12. Ne4 Ng6 13. b3 Be7 14. Re1
Kf8 15. Nd4 a6 16. f4 c5 17. Ne2 h5 18. c4 b6 19. N2c3 h4 20. a4 a5 21. Nb5 Bd8
22. Ng5 c6 23. Nd6 Bxg5 24. fxg5 Be6 25. Bb2 Ke7 26. Rad1 Rad8 27. Rf1 Rd7 28.
Bc3 Rdd8 29. Rxf7+ Bxf7 30. Nf5+ Ke6 31. Nxg7+ Ke7 32. Nf5+ Ke6 1/2-1/2

[Event "World Team Championship 2015"]
[Site "Tsaghkadzor ARM"]
[Date "2015.04.23"]
[Round "5.23"]
[White "Quesada Perez, Yuniesky"]
[Black "Smirin, Ilia"]
[Result "1/2-1/2"]
[WhiteElo "2629"]
[BlackElo "2652"]
[PlyCount "75"]
[EventDate "2015.04.18"]
[EventType "team-tourn"]
[EventRounds "9"]
[EventCountry "ARM"]
[Source "lmi"]
[SourceDate "2015.04.18"]

1. e4 e5 2. Nf3 Nc6 3. Bb5 a6 4. Ba4 Nf6 5. O-O Be7 6. Re1 b5 7. Bb3 d6 8. c3
O-O 9. h3 Na5 10. Bc2 c5 11. d4 Qc7 12. Nbd2 cxd4 13. cxd4 Rd8 14. b3 Bb7 15.
Bb2 Nc6 16. Rc1 Qb6 17. Nf1 d5 18. dxe5 Nxe4 19. Qe2 Bb4 20. Red1 Ne7 21. Ne3
Bc5 22. Bd4 Bxd4 23. Nxd4 Ng6 24. Bb1 Nxe5 25. Nxd5 Bxd5 26. Bxe4 Bxe4 27. Qxe4
Re8 28. Nc6 Nxc6 29. Qxc6 Rab8 30. b4 a5 31. Qxb6 Rxb6 32. a3 g6 33. bxa5 Ra6
34. Rd7 Rxa5 35. Rc3 Rea8 36. Rb7 Rxa3 37. Rxa3 Rxa3 38. Rxb5 1/2-1/2

[Event "World Team Championship 2015"]
[Site "Tsaghkadzor ARM"]
[Date "2015.04.23"]
[Round "5.32"]
[White "Shoker, Samy"]
[Black "Yu, Yangyi"]
[Result "1-0"]
[WhiteElo "2482"]
[BlackElo "2724"]
[PlyCount "77"]
[EventDate "2015.04.18"]
[EventType "team-tourn"]
[EventRounds "9"]
[EventCountry "ARM"]
[Source "lmi"]
[SourceDate "2015.04.18"]

1. Nf3 d5 2. c4 d4 3. b4 f6 4. e3 dxe3 5. fxe3 e5 6. c5 Bg4 7. Bb2 Nc6 8. b5
Nb4 9. Qb3 Bxc5 10. Bc4 e4 11. Ng5 fxg5 12. Bxg7 Ne7 13. O-O Kd7 14. Nc3 Bf5
15. Bf6 Bg6 16. Be6+ Kd6 17. Bf7 Bxf7 18. Nxe4+ Kd7 19. Nxc5+ Ke8 20. Qxb4 Rg8
21. Nxb7 Qd7 22. Nc5 Qd6 23. Qe4 Rb8 24. Bxe7 Qxe7 25. Qc6+ Kd8 26. Nb7+ Rxb7
27. Qxb7 Be6 28. Qxa7 Qd6 29. a4 Rg6 30. Qd4 Qxd4 31. exd4 Kd7 32. a5 Rg8 33.
a6 Bd5 34. Rf5 Ba8 35. a7 Kc8 36. Rf7 Kb7 37. Rxh7 Rd8 38. Rg7 Rd5 39. Rg8 1-0

[Event "World Team Championship 2015"]
[Site "Tsaghkadzor ARM"]
[Date "2015.04.23"]
[Round "5.33"]
[White "Wei, Yi"]
[Black "Elsherief, Mohamed"]
[Result "1-0"]
[WhiteElo "2703"]
[BlackElo "2479"]
[PlyCount "53"]
[EventDate "2015.04.18"]
[EventType "team-tourn"]
[EventRounds "9"]
[EventCountry "ARM"]
[Source "lmi"]
[SourceDate "2015.04.18"]

1. e4 c6 2. d4 d5 3. e5 Bf5 4. Nf3 e6 5. Be2 c5 6. Be3 cxd4 7. Nxd4 Ne7 8. O-O
Nbc6 9. Bb5 Bg6 10. c4 a6 11. Ba4 dxc4 12. Na3 Bd3 13. Rc1 Rc8 14. Nxc4 Bxc4
15. Rxc4 b5 16. Nxb5 axb5 17. Bxb5 Qxd1 18. Rxd1 f5 19. exf6 gxf6 20. Rd6 Rb8
21. Bxc6+ Nxc6 22. Rdxc6 Rxb2 23. Rxe6+ Kf7 24. Rxf6+ Ke8 25. g3 Rxa2 26. Rc8+
Ke7 27. Rfxf8 1-0

[Event "World Team Championship 2015"]
[Site "Tsaghkadzor ARM"]
[Date "2015.04.23"]
[Round "5.34"]
[White "Farahat, Ali"]
[Black "Wang, Chen"]
[Result "1/2-1/2"]
[WhiteElo "2389"]
[BlackElo "2531"]
[PlyCount "144"]
[EventDate "2015.04.18"]
[EventType "team-tourn"]
[EventRounds "9"]
[EventCountry "ARM"]
[Source "lmi"]
[SourceDate "2015.04.18"]

1. e4 c5 2. Nf3 e6 3. d4 cxd4 4. Nxd4 a6 5. Nc3 Qc7 6. Be2 Nf6 7. O-O Nc6 8.
Be3 Bb4 9. Nxc6 bxc6 10. f4 Bxc3 11. bxc3 Nxe4 12. Bd3 Nf6 13. Qf3 d6 14. Rab1
Bd7 15. Bb6 Qc8 16. Bd4 Ke7 17. c4 Qc7 18. c5 Rhb8 19. Rbd1 Rb4 20. c4 d5 21.
Qg3 Ne8 22. Qh4+ f6 23. Qxh7 Kd8 24. Qg8 Kc8 25. Qf7 Ra7 26. g3 Kb8 27. Rfe1
Qd8 28. Qf8 Ka8 29. Bc3 Rb8 30. Rb1 d4 31. Rxb8+ Kxb8 32. Rb1+ Rb7 33. Rxb7+
Kxb7 34. Be1 e5 35. Bd2 Kc8 36. Bg6 Nc7 37. Qd6 Ne8 38. Bxe8 Bxe8 39. fxe5 Qxd6
40. exd6 Bf7 41. a3 Bxc4 42. Kf2 Kd7 43. g4 Be6 44. Kf3 f5 45. g5 Bb3 46. Kf4
Ke6 47. Bc1 g6 48. Bb2 a5 49. Bxd4 a4 50. Bf2 Bd1 51. Bg3 Bh5 52. Ke3 Bd1 53.
Kd4 Be2 54. h4 Bd1 55. Kc3 Kd7 56. Kb4 Kc8 57. Bf4 Kd7 58. Ka5 Kc8 59. h5 gxh5
60. Bg3 Kd7 61. g6 f4 62. Bxf4 h4 63. g7 Bb3 64. Bh2 h3 65. Bg3 Kc8 66. Bh2 Kd7
67. g8=Q Bxg8 68. Kxa4 Bc4 69. Ka5 Bb3 70. Kb4 Bd1 71. a4 Bc2 72. a5 Bd3
1/2-1/2

[Event "World Team Championship 2015"]
[Site "Tsaghkadzor ARM"]
[Date "2015.04.23"]
[Round "5.41"]
[White "Shankland, Samuel"]
[Black "Aronian, Levon"]
[Result "1/2-1/2"]
[WhiteElo "2661"]
[BlackElo "2770"]
[PlyCount "133"]
[EventDate "2015.04.18"]
[EventType "team-tourn"]
[EventRounds "9"]
[EventCountry "ARM"]
[Source "lmi"]
[SourceDate "2015.04.18"]

1. d4 Nf6 2. c4 e6 3. Nf3 d5 4. Nc3 Bb4 5. Bg5 h6 6. Bxf6 Qxf6 7. Qa4+ Nc6 8.
e3 O-O 9. Bd3 dxc4 10. Bxc4 Bxc3+ 11. bxc3 Bd7 12. O-O Rfd8 13. Qa3 Qe7 14. Qb2
Na5 15. Bd3 c5 16. e4 Be8 17. Rad1 cxd4 18. cxd4 Rac8 19. Rfe1 Nc4 20. Qe2 Nb6
21. Rc1 Qa3 22. Rxc8 Rxc8 23. d5 Bd7 24. g3 exd5 25. exd5 Nxd5 26. Ne5 Be6 27.
Qe4 Nf6 28. Qxb7 Qc3 29. Qb1 Bxa2 30. Qa1 Bd5 31. Ba6 Rc7 32. Qxc3 Rxc3 33. Ra1
Ne4 34. Bf1 Nd2 35. Bg2 Nb3 36. Rd1 Bxg2 37. Kxg2 f6 38. Rd8+ Kh7 39. Ng4 Rc7
40. Ne3 Kg6 41. g4 Nc5 42. h4 Kf7 43. Nf5 Ne6 44. Ra8 Nf4+ 45. Kf3 Nd3 46. Ke3
Ne5 47. f3 Ke6 48. Ke4 Nc4 49. Nd4+ Kf7 50. h5 Nd6+ 51. Kf4 Ke7 52. Rxa7 Rxa7
53. Nc6+ Ke6 54. Nxa7 Kd5 55. Ke3 Kc5 56. Kd3 f5 57. Ke3 Kb6 58. Kf4 Kxa7 59.
Ke5 fxg4 60. fxg4 Ne8 61. Kf5 Kb6 62. g5 Nd6+ 63. Kg6 hxg5 64. Kxg5 Kc7 65. Kg6
Ne8 66. h6 gxh6 67. Kxh6 1/2-1/2

[Event "World Team Championship 2015"]
[Site "Tsaghkadzor ARM"]
[Date "2015.04.23"]
[Round "5.42"]
[White "Movsesian, Sergei"]
[Black "Lenderman, Aleksandr"]
[Result "1/2-1/2"]
[WhiteElo "2665"]
[BlackElo "2617"]
[PlyCount "103"]
[EventDate "2015.04.18"]
[EventType "team-tourn"]
[EventRounds "9"]
[EventCountry "ARM"]
[Source "lmi"]
[SourceDate "2015.04.18"]

1. c4 e6 2. g3 d5 3. Nf3 Nf6 4. Bg2 Be7 5. O-O O-O 6. b3 d4 7. e3 c5 8. exd4
cxd4 9. d3 Nc6 10. Na3 e5 11. Nc2 a5 12. Re1 Nd7 13. a3 Bf6 14. Nd2 Nc5 15. Qf3
Be7 16. Bf1 Be6 17. b4 axb4 18. axb4 Rxa1 19. Nxa1 Nxb4 20. Rxe5 Nc6 21. Re1
Qa5 22. Nc2 Ra8 23. Qd1 Bf5 24. Nf3 Bf6 25. h3 Qc3 26. Bd2 Qb2 27. Bc1 Qc3 28.
Bd2 Qb2 29. Bc1 Qb3 30. Nd2 Qa4 31. Nf3 Qb3 32. Nd2 Qa4 33. Nf3 h6 34. Ba3 b6
35. Bb2 Rd8 36. Ba3 Qa5 37. Bc1 Qc3 38. Bd2 Qb2 39. Bc1 Qc3 40. Bd2 Qb2 41. Bc1
Qb3 42. Nd2 Qc3 43. Nb1 Qb3 44. Nd2 Qa2 45. Nf3 Na4 46. g4 Bg6 47. Qd2 Nc3 48.
h4 Nb1 49. Qe2 Nc3 50. Qd2 Nb1 51. Qe2 Nc3 52. Qd2 1/2-1/2

[Event "World Team Championship 2015"]
[Site "Tsaghkadzor ARM"]
[Date "2015.04.23"]
[Round "5.43"]
[White "Onischuk, Alexander"]
[Black "Akopian, Vladimir"]
[Result "1/2-1/2"]
[WhiteElo "2665"]
[BlackElo "2656"]
[PlyCount "134"]
[EventDate "2015.04.18"]
[EventType "team-tourn"]
[EventRounds "9"]
[EventCountry "ARM"]
[Source "lmi"]
[SourceDate "2015.04.18"]

1. d4 d5 2. c4 c6 3. Nf3 Nf6 4. Nc3 dxc4 5. a4 Bf5 6. e3 e6 7. Bxc4 Nbd7 8. O-O
Bb4 9. Qe2 Bg6 10. e4 O-O 11. Bd3 Bh5 12. e5 Nd5 13. Nxd5 cxd5 14. Qe3 Be7 15.
Ng5 Bxg5 16. Qxg5 Bg6 17. Qxd8 Rfxd8 18. Be2 Nb8 19. Bd2 Nc6 20. Bc3 f6 21.
exf6 gxf6 22. a5 a6 23. Rfe1 Kf7 24. Ra3 e5 25. Rb3 Rab8 26. dxe5 fxe5 27. Rb6
Rd7 28. b4 d4 29. Bc4+ Kg7 30. Bd2 Rc7 31. b5 Na7 32. Bf1 Nxb5 33. Rxe5 d3 34.
h4 Rc2 35. Bf4 Rd8 36. Rxb7+ Kg8 37. Ree7 Rc5 38. Rg7+ Kh8 39. Rgd7 Rd5 40.
Rxd5 Rxd5 41. Bd2 Nd6 42. Rd7 Bf5 43. Rd8+ Kg7 44. f3 h5 45. Kf2 Kf7 46. Ke1
Ke7 47. Bg5+ Ke6 48. Bf4 Nc4 49. Rxd5 Kxd5 50. g4 hxg4 51. fxg4 Bxg4 52. Bxd3
Nxa5 53. Bxa6 Bh5 54. Kf2 Nc4 55. Bb7+ Ke6 56. Bc8+ Kf6 57. Bc1 Nd6 58. Bd7 Bg6
59. Bg4 Bf5 60. Be2 Kg6 61. Ke3 Bc2 62. Kf4 Nf5 63. h5+ Kh7 64. Bg4 Ng7 65. Kg5
Nxh5 66. Bxh5 Bd3 67. Kf6 Bc2 1/2-1/2

[Event "World Team Championship 2015"]
[Site "Tsaghkadzor ARM"]
[Date "2015.04.23"]
[Round "5.44"]
[White "Melkumyan, Hrant"]
[Black "Naroditsky, Daniel"]
[Result "1-0"]
[WhiteElo "2651"]
[BlackElo "2640"]
[PlyCount "151"]
[EventDate "2015.04.18"]
[EventType "team-tourn"]
[EventRounds "9"]
[EventCountry "ARM"]
[Source "lmi"]
[SourceDate "2015.04.18"]

1. d4 d5 2. c4 e6 3. Nf3 Nf6 4. Nc3 Bb4 5. Qa4+ Nc6 6. Bg5 h6 7. Bxf6 Qxf6 8.
e3 O-O 9. Be2 dxc4 10. O-O Bd6 11. Qxc4 Bd7 12. Rac1 Qg6 13. Rfd1 Na5 14. Qd3
Qxd3 15. Bxd3 Nc6 16. Ne4 Nb4 17. Bb1 Ba4 18. Rd2 Bc6 19. a3 Bxe4 20. Bxe4 Nd5
21. Rdc2 c6 22. Nd2 a5 23. g3 Rfd8 24. Nc4 Be7 25. Kf1 Ra6 26. Bd3 Nb6 27. Ne5
Raa8 28. f4 Nd7 29. Nf3 a4 30. Ke2 Ra5 31. Bc4 g6 32. Ba2 Kg7 33. Ne1 c5 34.
Nd3 cxd4 35. exd4 Bd6 36. Ne5 Raa8 37. Bc4 Nb6 38. Bd3 g5 39. Be4 Rab8 40. Ke3
Nd5+ 41. Bxd5 exd5 42. Kf3 Re8 43. fxg5 Bxe5 44. gxh6+ Kxh6 45. dxe5 Rxe5 46.
Rd1 Rbe8 47. Rd4 Rf5+ 48. Kg4 Rg5+ 49. Kf4 Re1 50. Rcd2 Rf1+ 51. Ke3 Re5+ 52.
Kd3 b5 53. Kc3 Re3+ 54. Kb4 Rb3+ 55. Ka5 Rb1 56. Rb4 Kg6 57. Kxb5 Kf6 58. Kxa4
Rxb4+ 59. Kxb4 Ke5 60. Kc3 Rc1+ 61. Kd3 d4 62. a4 Kd5 63. a5 f5 64. a6 Ra1 65.
Rf2 Ke5 66. Re2+ Kd5 67. Re8 Rxa6 68. Rd8+ Ke5 69. Rxd4 Ra1 70. Rh4 Rb1 71. Kc3
Kd5 72. Rf4 Ke5 73. Rf2 Ke4 74. b4 Ke5 75. Kc4 Ke4 76. Kc5 1-0

[Event "World Team Championship 2015"]
[Site "Tsaghkadzor ARM"]
[Date "2015.04.23"]
[Round "5.51"]
[White "Leko, Peter"]
[Black "Grischuk, Alexander"]
[Result "1/2-1/2"]
[WhiteElo "2713"]
[BlackElo "2794"]
[PlyCount "52"]
[EventDate "2015.04.18"]
[EventType "team-tourn"]
[EventRounds "9"]
[EventCountry "ARM"]
[Source "lmi"]
[SourceDate "2015.04.18"]

1. Nf3 c5 2. c4 Nc6 3. Nc3 e5 4. e3 Nf6 5. Be2 d5 6. d4 exd4 7. exd4 cxd4 8.
Nxd4 dxc4 9. Nxc6 Qxd1+ 10. Nxd1 bxc6 11. Bxc4 Bd6 12. O-O O-O 13. h3 Nd5 14.
Bd2 Be6 15. Ba5 Bc5 16. Rc1 Bb6 17. Bd2 Rfd8 18. b3 Bd4 19. Ne3 Nxe3 20. Bxe3
Bxe3 21. fxe3 Rd6 22. Rf4 Rad8 23. Rd4 Bf5 24. Rf1 Rxd4 25. exd4 Bg6 26. Rd1
Kf8 1/2-1/2

[Event "World Team Championship 2015"]
[Site "Tsaghkadzor ARM"]
[Date "2015.04.23"]
[Round "5.52"]
[White "Karjakin, Sergey"]
[Black "Erdos, Viktor"]
[Result "1-0"]
[WhiteElo "2757"]
[BlackElo "2612"]
[PlyCount "89"]
[EventDate "2015.04.18"]
[EventType "team-tourn"]
[EventRounds "9"]
[EventCountry "ARM"]
[Source "lmi"]
[SourceDate "2015.04.18"]

1. Nf3 d5 2. d4 Nf6 3. c4 c6 4. Nc3 a6 5. a4 e6 6. Bg5 Nbd7 7. e3 Qa5 8. cxd5
exd5 9. Nd2 Be7 10. Bd3 Nf8 11. Qc2 Ne6 12. Bh4 Qd8 13. O-O g6 14. Nb3 a5 15.
f3 O-O 16. Rad1 b6 17. Rfe1 Bb7 18. Bf2 Rc8 19. Kh1 Nh5 20. e4 Nhg7 21. Be3 Bh4
22. g3 Be7 23. Qf2 Kh8 24. Bh6 Bg5 25. Bxg5 Nxg5 26. Nd2 f6 27. exd5 cxd5 28.
f4 Nf7 29. f5 g5 30. Nf1 Nd6 31. Ne3 Nge8 32. Kg1 Ne4 33. Bxe4 dxe4 34. d5 Nd6
35. Nc2 Re8 36. Nd4 Re5 37. Ne6 Qe7 38. Qxb6 Nxf5 39. Rxe4 Rxe4 40. Nxe4 Rc2
41. Qb3 Re2 42. d6 Qd7 43. N6c5 Nd4 44. Nxd7 Nxb3 45. Ndxf6 1-0